Calciatore portoghese dell'anno - Statistics

Statistiche generali
  • Questo quiz è stato fatto 13 volte
  • Il punteggio medio è 8 su 31
Statistiche sulle risposte
Edizione Squadra Calciatore % Corretto
1995 Sporting Lisbona / Barcellona Luís Figo
100%
1996 Barcellona Luís Figo
100%
1997 Barcellona Luís Figo
100%
1998 Barcellona Luís Figo
100%
1999 Barcellona Luís Figo
100%
2000 Barcellona / Real Madrid Luís Figo
100%
1970 Benfica Eusébio
77%
1973 Benfica Eusébio
77%
1986 Porto Paulo Futre
23%
1987 Porto / Atlético Madrid Paulo Futre
23%
1983 Porto Fernando Gomes
8%
1979 Porto José Costa
8%
1978 Porto António Oliveira
0%
1981 Penafiel / Sporting Lisbona António Oliveira
0%
1982 Sporting Lisbona António Oliveira
0%
1985 Benfica Carlos Manuel
0%
1990 Porto Domingos
0%
1976 Benfica Fernando Chalana
0%
1984 Benfica Fernando Chalana
0%
1974 Benfica Humberto Coelho
0%
1975 Boavista João Alves
0%
1992 Benfica João Pinto
0%
1993 Benfica João Pinto
0%
1994 Benfica João Pinto
0%
1977 Benfica Manuel Bento
0%
1971 Benfica Nené
0%
1988 Porto / Juventus Rui Barros
0%
1980 Sporting Lisbona Rui Jordão
0%
1972 Benfica Toni
0%
1989 Porto Vítor Baía
0%
1991 Porto Vítor Baía
0%
Nessun quiz corrispondente trovato
Distribuzione punteggi
Percentuale di utenti per punteggio
Percentile per numero di risposta
I tuoi punteggi nel tempo
Non hai fatto questo quiz